Quantum mechanics
Đã lưu trong:
| Tác giả chính: | |
|---|---|
| Định dạng: | Sách |
| Ngôn ngữ: | Tiếng Anh |
| Được phát hành: |
Nueva York
McGraw-Hill
1955
|
| Phiên bản: | 2a. ed |
| Loạt: | International Series in Pure and Applied Physics
|
| Những chủ đề: | |
| Các nhãn: |
Thêm thẻ
Không có thẻ, Là người đầu tiên thẻ bản ghi này!
|
MARC
| LEADER | 00000nam a2200000 a 4500 | ||
|---|---|---|---|
| 001 | UCU3708 | ||
| 003 | CL-VaPUC | ||
| 008 | 960510e19550000US |||||||||||||||||eng|d | ||
| 082 | 0 | 4 | |a 530.12 |b SCH |2 21 |
| 100 | 0 | |a Schiff, Leonard I |e author |9 360807 | |
| 245 | 1 | 0 | |a Quantum mechanics |
| 250 | |a 2a. ed | ||
| 300 | |a 417 p | ||
| 942 | |c BK | ||
| 945 | |d 19960510 00:00:00 |a paguirre | ||
| 260 | |a Nueva York |b McGraw-Hill |c 1955 | ||
| 650 | 0 | |a Teoría cuántica |9 266148 | |
| 650 | 0 | |a Física teórica |9 345827 | |
| 650 | 0 | |a Relatividad |9 269977 | |
| 650 | 7 | |a ELECTRONICA CUANTICA |2 CL-VaPUC |9 263203 | |
| 650 | 0 | |a Ecuaciones |9 260137 | |
| 650 | 7 | |a TEORIA ATOMICA |2 CL-VaPUC |9 313933 | |
| 650 | 0 | |a Moléculas |9 259584 | |
| 583 | |a last modification |c 19960510 00:00:00 |k Rodrigo Vera | ||
| 490 | 0 | |a International Series in Pure and Applied Physics | |
| 999 | |c 247626 |d 247624 | ||
| 952 | |0 0 |1 0 |4 0 |6 530_120000000000000_SCH_1955 |7 0 |8 A |9 263680 |a BIBING |b BIBING |d 2019-11-19 |i 1657402 |o 530.12 SCH 1955 |p 1657402 |r 2025-01-20 |w 2019-11-19 |y BK |k EIE | ||
| 952 | |0 0 |1 0 |4 0 |6 530_120000000000000_SCH_1955 |7 0 |8 A |9 263681 |a BIBCUR |b BIBCUR |d 2019-11-19 |i 4535081 |o 530.12 SCH 1955 |p 4535081 |r 2025-04-22 |w 2019-11-19 |y BK |k FIS | ||